Normal view
MARC view
- Schanze, Jochen
Entry Personal Name
001 - CONTROL NUMBER
- control field: 36228
003 - CONTROL NUMBER IDENTIFIER
- control field: NUST
005 - DATE AND TIME OF LATEST TRANSACTION
- control field: 20210312161134.0
008 - FIXED-LENGTH DATA ELEMENTS
- fixed length control field: 210312|| aca||aabn | a|a d
040 ## - CATALOGING SOURCE
- Original cataloging agency: NUST
- Transcribing agency: NUST
100 ## - HEADING--PERSONAL NAME
- Personal name: Schanze, Jochen
670 ## - SOURCE DATA FOUND
- Source citation: Work cat.: (NUST)1490: Flood risk management :, c2006.
